| 000 | 00865nam a22001935i 4500 | ||
|---|---|---|---|
| 001 | 154635 | ||
| 003 | ES-MaACL | ||
| 005 | 20230906205813.0 | ||
| 008 | 010611s1896 sp |||| | spa d | ||
| 040 |
_aCCPB | B _bspa _cCCPB | B |
||
| 100 | 1 |
_aGonzález y Martín, R. _9127452 |
|
| 245 | 1 | 0 |
_aFilipinas y sus habitantes lo que son y lo que deben ser _b: estudio crítico con exposición, además, de varios preceptos higiénicos para la conservación de la salud de todo país tropical v.g. Filipinas, Cuba, Puerto Rico y tantos otros / _cpor R. González y Martín. |
| 260 |
_aBéjar : _b[s.n.], _c1896 ( _festablecimiento tipográfico de la viuda de Aguilar) |
||
| 300 |
_a285 p. ; _c20 cm. |
||
| 651 | 4 |
_aFilipinas- _xSituación social- _yS. \RXIX\R. _9234097 |
|
| 752 |
_aEspaña - _dBéjar |
||
| 852 |
_aES-MaACL _jB-3539 _z-- Rúst. |
||
| 999 |
_c154635 _d154635 |
||